|
|
|
|
| LEADER |
00000nab a2200000 a 4500 |
| 001 |
vtls001504495 |
| 003 |
SK-MaSNL |
| 005 |
20260304133825.0 |
| 008 |
250505|19971998xo ||||||| || 0 |slo |
| 035 |
|
|
|a (uuid)f4d60fc1-ce67-48e4-86d1-a2615416312f
|
| 035 |
|
|
|a urn:nbn:sk:snk-abujy
|
| 035 |
|
|
|a (urnnbn)urn:nbn:sk:snk:ar-a04z1s
|
| 040 |
|
|
|a SNKBUCL
|b slo
|c SNKBUCL
|e AACR2
|
| 041 |
0 |
|
|a slo
|
| 044 |
|
|
|a xo
|c SK
|
| 080 |
|
|
|a 371.321.1:027
|2 1981
|
| 100 |
1 |
|
|a Veršeghyová, Viera
|4 aut
|9 1451122
|
| 245 |
1 |
0 |
|a Vyučovacie hodiny v knižnici
|c Viera Veršeghyová
|
| 650 |
0 |
7 |
|a vyučovanie
|2 snkbucl
|9 1522
|
| 650 |
0 |
7 |
|a knižnice
|2 snkbucl
|9 17965
|
| 650 |
0 |
7 |
|a práca s literatúrou
|2 snkbucl
|9 604719
|
| 773 |
0 |
|
|t Slovenský jazyk a literatúra v škole
|g Roč. 44, č. 7-8 (1997/1998), s. 235-244
|
| 850 |
|
|
|a Slovenská národná knižnica
|
| 852 |
|
|
|a Slovenská národná knižnica
|
| 954 |
|
|
|a odborná, vedecká literatúra pôvodná (slovenská)
|2 lita
|
| 958 |
|
|
|a article27
|
| 958 |
|
|
|a OND
|
| 958 |
|
|
|a EUIPO
|
| 999 |
|
|
|c 2903848
|d 2905778
|